BSOP header

The land of Moab : (Record no. 37112)

MARC details
000 -LEADER
fixed length control field 01463cam a22002651 4500
001 - CONTROL NUMBER
control field 6327153
005 - DATE AND TIME OF LATEST TRANSACTION
control field 20140520110357.0
008 - FIXED-LENGTH DATA ELEMENTS--GENERAL INFORMATION
fixed length control field 760408s1873 xx 000 0 eng
020 ## - INTERNATIONAL STANDARD BOOK NUMBER
International Standard Book Number 1402157061
020 ## - INTERNATIONAL STANDARD BOOK NUMBER
International Standard Book Number 1402157053
100 1# - MAIN ENTRY--PERSONAL NAME
Personal name Tristram, H. B.
Fuller form of name (Henry Baker),
Dates associated with a name 1822-1906.
245 14 - TITLE STATEMENT
Title The land of Moab :
Remainder of title travels and discoveries on the east side of the Dead sea and the Jordan.
Statement of responsibility, etc By H. B. Tristram ... With a chapter on the Persian palace of Mashita by Jas. Fergusson, F. R. S. With map: and illustrations by C. L. Buxton and R. C. Johnson.
260 ## - PUBLICATION, DISTRIBUTION, ETC. (IMPRINT)
Place of publication, distribution, etc Massachusetts :
Name of publisher, distributor, etc Adamant Media Corporation,
Date of publication, distribution, etc 2005.
300 ## - PHYSICAL DESCRIPTION
Extent xvi, 408 p.:
Other physical details front., illus., fold. map, plan ;
Dimensions 20 cm.
440 ## - SERIES STATEMENT/ADDED ENTRY--TITLE
Title Elibron classics
500 ## - GENERAL NOTE
General note This Elibron Classics Replica Edition is an unabridged facsimile of the edition published in 1874 by John Murray, London.
500 ## - GENERAL NOTE
General note The original edition of this book contained oversized maps, PDF files of these maps and can be downloaded from www.elibron.com/maps
505 2# - FORMATTED CONTENTS NOTE
Formatted contents note Appendix A: Aurora et Sebbeh. By R. C. Johnson.--Appendix B: Account of a curious physical phenomenon witnessed at Ziza. By R. C. Johnson.--Appendix C: On the flora of Moab. By ... W. Amherst Hayne.
651 #0 - SUBJECT ADDED ENTRY--GEOGRAPHIC NAME
Geographic name Syria
General subdivision Description and travel.
651 #0 - SUBJECT ADDED ENTRY--GEOGRAPHIC NAME
Geographic name Syria
General subdivision Antiquities.
700 1# - ADDED ENTRY--PERSONAL NAME
Personal name Fergusson, James,
Dates associated with a name 1808-1886.
700 1# - ADDED ENTRY--PERSONAL NAME
Personal name Johnson, R. C.
700 1# - ADDED ENTRY--PERSONAL NAME
Personal name Hayne, W. Amherst
Fuller form of name (William Amherst),
Dates associated with a name -1873.
942 ## - ADDED ENTRY ELEMENTS (KOHA)
Source of classification or shelving scheme Library of Congress Classification
Item type Books
Holdings
Withdrawn status Lost status Source of classification or shelving scheme Damaged status Not for loan Home library Current library Shelving location Date acquired Source of acquisition Cost, normal purchase price Accession number Total Checkouts Full call number Barcode Date last seen Price effective from Koha item type
    Library of Congress Classification     BSOP Library BSOP Library GC 11/05/2013 Amazon 1099.00 36210   DS107 T73 2005 00043110 11/05/2013 11/05/2013 Books
BSOP

Biblical Seminary of the Philippines
  All rights Reserved
  © 2024

CONTACT INFORMATION

Biblical Seminary of the Philippines,
  77-B Karuhatan Road, Valenzuela City,
  PHILIPPINES 1441
  Phone: +632 8292-6795 / 8292-6798
  Fax : +632 8292-6675
  Email: library@bsop.edu.ph